000 00357nam a22001457a 4500
003 OSt
020 _aNA
040 _c0
082 _222
_a658.46
100 _aEditor: Kubr Milan.
245 _aManagement Consulting :
_ba guide to the profession /
260 _aGeneva,
_bInternational Labour Office,
_cc1988.
300 _a611p. ;
_bill. ;
942 _2ddc
_cMAG
999 _c5358
_d5358